|
|
|
|
| LEADER |
00858nam a22001937a 4500 |
| 005 |
20130728144545.0 |
| 008 |
130728b na a b 000 0 eng |
| 040 |
|
|
|a BD-DhAAL
|c BD-DhAAL
|
| 082 |
|
|
|2 19
|a 635
|
| 245 |
|
|
|a Equipment for vegetable production :
|b tools and implements, their use and the choice with the emphasis on the small-holding mechanization /
|c J. T. Brands ... [et al]
|
| 260 |
|
|
|a Wageningen :
|b Institute for Agricultural Engineering,
|
| 300 |
|
|
|a 185 p. :
|b ill. ;
|c 24 cm.
|
| 500 |
|
|
|a Includes bibliography.
|
| 630 |
|
|
|a Vegetable gardening.
|a Agricultural machinery.
|9 2380
|
| 700 |
|
|
|a Brands, J. T.
|9 2381
|
| 541 |
|
|
|e 3169
|
| 942 |
|
|
|2 ddc
|c BK
|
| 999 |
|
|
|c 13761
|d 13761
|
| 952 |
|
|
|0 0
|1 0
|2 ddc
|4 0
|6 635_000000000000000_EQU
|7 0
|9 23017
|a BRACUL
|b BRACUL
|c GEN
|d 2013-07-28
|g 0.00
|l 0
|o 635 EQU
|p 3010003169
|r 2013-07-28
|t 1
|w 2013-07-28
|y BK
|z Not price in Register
|